Výkaz komplexného výsledku a výkaz ziskov a strát podľa IFRS pre malé a stredné podniky 6/10 ukončené činnosti
IFRS pre malé a stredné podniky definujú ukončené činnosti ako súčasť účtovnej jednotky, ktorá už bola vyradená alebo je v účtovnej jednotke držaná za účelom predaja a spĺňa požadované kritéria.
Salvato in:
| Autore principale: | |
|---|---|
| Natura: | Capitolo di libro |
| Lingua: | slovacco |
| Soggetti: | |
| Tags: |
Nessun Tag, puoi essere il primo ad aggiungerne!!
|
MARC
| LEADER | 00000nla a2200000 4500 | ||
|---|---|---|---|
| 001 | 0164597 | ||
| 005 | 20240502072855.7 | ||
| 041 | 0 | |a slo | |
| 044 | |a SK | ||
| 245 | 1 | 0 | |a Výkaz komplexného výsledku a výkaz ziskov a strát podľa IFRS pre malé a stredné podniky 6/10 |b ukončené činnosti |c Michal Ješš |
| 520 | |a IFRS pre malé a stredné podniky definujú ukončené činnosti ako súčasť účtovnej jednotky, ktorá už bola vyradená alebo je v účtovnej jednotke držaná za účelom predaja a spĺňa požadované kritéria. | ||
| 610 | 2 | 0 | |a účtovníctvo |
| 610 | 2 | 0 | |a jednotka účtovná |
| 610 | 2 | 0 | |a výkazníctvo finančné |
| 610 | 2 | 0 | |a výsledok hospodársky |
| 610 | 2 | 0 | |a štandardy účtovné medzinárodné |
| 610 | 2 | 0 | |a IFRS |
| 100 | 1 | |a Ješš, Michal, 1986- | |